Participatory Livestock Research:A Guide (Record no. 16224)

MARC details
000 -LEADER
fixed length control field 00444nam a22001697a 4500
003 - CONTROL NUMBER IDENTIFIER
control field OSt
005 - DATE AND TIME OF LATEST TRANSACTION
control field 20211102092840.0
008 - FIXED-LENGTH DATA ELEMENTS--GENERAL INFORMATION
fixed length control field 211102b |||||||| |||| 00| 0 eng d
020 ## - INTERNATIONAL STANDARD BOOK NUMBER
International Standard Book Number 1-85339-577-3
040 ## - CATALOGING SOURCE
Transcribing agency Hawassa University
050 ## - LIBRARY OF CONGRESS CALL NUMBER
Classification number 636.0072/CON
Item number 2
082 ## - DEWEY DECIMAL CLASSIFICATION NUMBER
Item number 2
Classification number 636.0072/CON
100 ## - MAIN ENTRY--PERSONAL NAME
Personal name Conroy,Czech
9 (RLIN) 16586
245 ## - TITLE STATEMENT
Title Participatory Livestock Research:A Guide
260 ## - PUBLICATION, DISTRIBUTION, ETC.
Name of publisher, distributor, etc. ITDG Publishing
Date of publication, distribution, etc. 2005
942 ## - ADDED ENTRY ELEMENTS (KOHA)
Source of classification or shelving scheme Dewey Decimal Classification
Koha item type Books like text book referance book
Suppress in OPAC No
Holdings
Withdrawn status Lost status Source of classification or shelving scheme Damaged status Not for loan Home library Current library Date acquired Total Checkouts Full call number Barcode Date last seen Copy number Price effective from Koha item type
    Dewey Decimal Classification     College of Agriculture Library College of Agriculture Library 11/02/2021   636.0072/CON ALIB0009881 11/02/2021 1 11/02/2021 Books like text book referance book
    Dewey Decimal Classification     College of Agriculture Library College of Agriculture Library 11/02/2021   636.0072/CON ALIB0009882 11/02/2021 2 11/02/2021 Books like text book referance book